000 00638nam a22002057a 4500
003 koha_MIRAKIL
005 20250113145020.0
008 250113b tur||||| |||| 00| 0 tur d
020 _a9789750821219
040 _aTR-IsEVY
_btur
_cTR-IsEVY
082 _aFIC ÖZD/S
100 _aÖzdem, Filiz
245 0 _aSimay :
_bninem diş perisi oldu /
_cFiliz Özdem ; resimleyen Cansu Kaykaç.
250 _a4. bs.
260 _aİstanbul :
_bYapı Kredi Yayınları,
_c2016.
300 _a35 s. :
_brenkli resimli ;
_c19 cm.
650 _aÇocuk Edebiyatı.
_vÇocuk Hikayeleri.
700 1 _aKaykaç, Cansu
_cresimleyen.
942 _2ddc
_cBK
999 _c21382
_d21382